000 00747nam a2200277Ia 4500
001 20751
005 20240114000529.0
007 ta
008 080101s1943 ii a g b000 u 465 u
040 _aCotton College,Assam
041 _a465
082 _a330.9
_bL 47 T
110 _aLeague of Nations .
_c(Geneva )
245 0 _aThe Transition from War to Peace Economy /
_cLeague of Nations.
_hTextual Documents
250 _a1st ed. /
260 _aGeneva :
_bLeague of Nations ,
_c1943.
300 _a118p. :
_bill ;
_c21cm .
362 _aPart I-
653 _aT/G-Economics
653 _aEconomic History
653 _aT/G-Economics
942 _2ddc
_cBK
999 _c20733
_d20733